Statistics for Top 50 Largest European Cities by Letter - C

Click here to take the quiz!

General Stats

  • This quiz has been taken 385 times
  • The average score is 15 of 50

Answer Stats

#PopulationCountryCity% Correct
11,296 kDenmarkCopenhagen
100%
31,061 kGermanyCologne
88%
4533 kMoldovaChișinău
87%
7346 kUKCardiff
72%
27123 kIrelandCork
72%
8327 kSpainCórdoba
65%
6355 kUKCoventry
65%
9325 kRomaniaCluj-Napoca
57%
21,199 kRussiaChelyabinsk
56%
11313 kItalyCatania
54%
23155 kUKCambridge
52%
4487 kUKChester
47%
21201 kBelgiumCharleroi
45%
24154 kItalyCagliari
41%
29119 kSpainCádiz
40%
34107 kFranceCaen
39%
26129 kUKColchester
36%
18249 kGermanyChemnitz
35%
13284 kRomaniaConstanța
34%
35106 kPortugalCoimbra
32%
31114 kUKChelmsford
27%
30117 kUKCheltenham
26%
25141 kFranceClermont-Ferrand
26%
15270 kRomaniaCraiova
26%
20215 kSpainCartagena
25%
4389 kUKChesterfield
25%
19226 kPolandCzęstochowa
22%
4984 kItalyComo
19%
36100 kGermanyCottbus
16%
32111 kUKCrawley
16%
22171 kSpainCastellón de la Plana
13%
3797 kItalyCesena
13%
5490 kRussiaCheboksary
13%
33109 kPolandChorzów
13%
4190 kItalyCatanzaro
12%
4289 kGreeceChania
12%
4091 kFranceCréteil
12%
17254 kTurkeyÇorlu
11%
14282 kUkraineCherkasy
10%
3895 kSpainCáceres
9%
12292 kUkraineChernihiv
9%
16266 kUkraineChernivtsi
9%
10319 kRussiaCherepovets
8%
28122 kRussiaCherkessk
5%
3995 kTurkeyÇerkezköy
3%
4685 kSpainCoslada
3%
4785 kFranceCourbevoie
3%
4884 kFranceColombes
2%
5083 kRussiaChaykovsky
1%
4586 kSpainCornellà de Llobregat
1%

Score Distribution

Percentile by Number Answered

Percent of People with Each Score

Your Score History

You have not taken this quiz